Контроль поля энерговыделения в процессе эксплуатации ядерного реактора с помощью детекторов прямого заряда; Известия Томского политехнического университета [Известия ТПУ]; Т. 316, № 2: Математика и механика. Физика

Dettagli Bibliografici
Parent link:Известия Томского политехнического университета [Известия ТПУ]/ Томский политехнический университет (ТПУ).— , 2000-
Т. 316, № 2: Математика и механика. Физика.— 2010.— [С. 67-71]
Autore principale: Шаманин И. В. Игорь Владимирович
Altri autori: Киселев А. В. Алексей Валерьевич, Лызко В. А. Виталий Анатольевич
Riassunto:Заглавие с титульного листа
Электронная версия печатной публикации
Получены результаты, количественно характеризующие влияние на значение переходной функции от тока, образованного в эмиттере детектора, таких параметров, как глубина выгорания топлива в тепловыделяющих сборках, плотность теплоносителя, который одновременно является замедлителем, и концентрация борной кислоты в теплоносителе. Результаты показывают изменения представительности (качества) информации о распределении энерговыделения в активной зоне, которая получается при обработке системой внутриреакторного контроля аналогового сигнала (тока) с детекторов прямого заряда. Кроме того, в работе получены результаты, указывающие на значительное влияние спектральных характеристик нейтронного поля на показания детектора прямого заряда и отображающие чувствительность спектральных характеристик к условиям эксплуатации и состоянию ядерного реактора.
Lingua:russo
Pubblicazione: 2010
Serie:Математика и механика. Физика
Soggetti:
Accesso online:http://www.lib.tpu.ru/fulltext/v/Bulletin_TPU/2010/v316/i2/14.pdf
Natura: MixedMaterials Elettronico Capitolo di libro
KOHA link:https://koha.lib.tpu.ru/cgi-bin/koha/opac-detail.pl?biblionumber=182746

MARC

LEADER 00000nla2a2200000 4500
001 182746
005 20231031171406.0
035 |a (RuTPU)RU\TPU\book\198096 
035 |a RU\TPU\book\197926 
090 |a 182746 
100 |a 20100624d2010 k y0rusy50 ca 
101 0 |a rus 
102 |a RU 
135 |a drnn ---uucaa 
181 0 |a i  
182 0 |a b 
200 1 |a Контроль поля энерговыделения в процессе эксплуатации ядерного реактора с помощью детекторов прямого заряда  |b Электронный ресурс  |f И. В. Шаманин, А. В. Киселев, В. А. Лызко 
203 |a Текст  |c электронный 
215 |a 1 файл (77 Кб) 
225 1 |a Математика и механика. Физика 
230 |a Электронные текстовые данные (1 файл : 77 Кб) 
300 |a Заглавие с титульного листа 
300 |a Электронная версия печатной публикации 
320 |a [Библиогр.: с. 71 (2 назв.)] 
330 |a Получены результаты, количественно характеризующие влияние на значение переходной функции от тока, образованного в эмиттере детектора, таких параметров, как глубина выгорания топлива в тепловыделяющих сборках, плотность теплоносителя, который одновременно является замедлителем, и концентрация борной кислоты в теплоносителе. Результаты показывают изменения представительности (качества) информации о распределении энерговыделения в активной зоне, которая получается при обработке системой внутриреакторного контроля аналогового сигнала (тока) с детекторов прямого заряда. Кроме того, в работе получены результаты, указывающие на значительное влияние спектральных характеристик нейтронного поля на показания детектора прямого заряда и отображающие чувствительность спектральных характеристик к условиям эксплуатации и состоянию ядерного реактора. 
337 |a Adobe Reader 
461 1 |0 (RuTPU)RU\TPU\book\176237  |t Известия Томского политехнического университета [Известия ТПУ]  |f Томский политехнический университет (ТПУ)  |d 2000- 
463 1 |0 (RuTPU)RU\TPU\book\196538  |x 1684-8519  |t Т. 316, № 2: Математика и механика. Физика  |v [С. 67-71]  |d 2010  |p 154 с. 
610 1 |a детектор прямого заряда 
610 1 |a ядерные реакторы 
610 1 |a переходные функции 
610 1 |a спектр нейтронов 
610 1 |a труды учёных ТПУ 
610 1 |a электронный ресурс 
610 1 |a топливо 
610 1 |a плотность теплоносителя 
610 1 |a борная кислота 
610 1 |a энерговыделение 
610 1 |a спектральные характеристики 
610 1 |a выгорание 
700 1 |a Шаманин  |b И. В.  |c российский физик-ядерщик  |c профессор Томского политехнического университета  |f 1962-  |g Игорь Владимирович  |2 stltpush  |3 (RuTPU)RU\TPU\pers\22022 
701 1 |a Киселев  |b А. В.  |c российский специалист в области ядерных реакторов и энергетических установок  |c инженер отдела ядерной безопасности Кольской АЭС  |c аспирант кафедры физико-энергетических установок физико-технического факультета Томского политехнического университета  |g Алексей Валерьевич  |2 stltpush  |3 (RuTPU)RU\TPU\pers\26409 
701 1 |a Лызко  |b В. А.  |c специалист в области физико-энергетических установок  |c инженер-проектировщик Томского политехнического университета, аспирант  |f 1985-  |g Виталий Анатольевич  |2 stltpush  |3 (RuTPU)RU\TPU\pers\25581 
801 1 |a RU  |b 63413507  |c 20090623  |g PSBO 
801 2 |a RU  |b 63413507  |c 20211222  |g PSBO 
856 4 |u http://www.lib.tpu.ru/fulltext/v/Bulletin_TPU/2010/v316/i2/14.pdf 
942 |c CF